[Event "XXII Festival A"]
[Site "Arco ITA"]
[Date "2000.10.24"]
[Round "4"]
[White "Piankov, Evgenij"]
[Black "Tukmakov, Vladimir B."]
[Result "0-1"]
[WhiteElo "2365"]
[BlackElo "2582"]
[PlyCount "88"]
[EventDate "2000.10.21"]

1. d4 Nf6 2. Nf3 g6 3. Bg5 Bg7 4. Nbd2 O-O 5. e3 d6 6. Bc4 Qe8 7. c3 e5 8. O-O
Kh8 9. Ne1 Nc6 10. Nc2 Nh5 11. Be2 f5 12. Bxh5 gxh5 13. f4 e4 14. Qe2 Be6 15.
c4 Bf7 16. d5 Nb8 17. Nd4 Qd7 18. N2b3 c5 19. dxc6 Nxc6 20. Rfd1 Nb4 21. Nc1
Rac8 22. b3 d5 23. Qd2 Nc6 24. c5 b6 25. cxb6 Nxd4 26. exd4 h4 27. Bxh4 Bh5 28.
Ne2 Qb5 29. b7 Qxb7 30. Bf2 Qa6 31. Re1 Qd3 32. Qe3 Rc2 33. Ng3 Qxe3 34. Bxe3
Bg6 35. Re2 Rc3 36. Rd1 h5 37. Rdd2 h4 38. Nf1 Rfc8 39. Bf2 Bh5 40. Re1 Rd3 41.
Rxd3 exd3 42. Nd2 Rc2 43. Be3 Bf8 44. Nf3 h3 0-1

[Event "XXII Festival A"]
[Site "Arco ITA"]
[Date "2000.10.24"]
[Round "4"]
[White "Rigo, Janos"]
[Black "Genocchio, Daniele"]
[Result "1/2-1/2"]
[WhiteElo "2309"]
[BlackElo "2201"]
[PlyCount "102"]
[EventDate "2000.10.21"]

1. e4 g6 2. d4 Bg7 3. Be3 c6 4. c3 d6 5. Qd2 Nd7 6. f3 e6 7. Na3 Qe7 8. O-O-O
Nb6 9. c4 Nf6 10. c5 dxc5 11. dxc5 Nbd7 12. Qd6 Qxd6 13. cxd6 O-O 14. Nc4 b6
15. g4 Ba6 16. g5 Nh5 17. b3 f5 18. gxf6 Bxf6 19. Bh3 Rae8 20. Ne2 Bxc4 21.
bxc4 Be5 22. Bh6 Rxf3 23. Bg4 Ra3 24. Bxh5 Rh3 25. Bxg6 hxg6 26. Bf4 Rf3 27.
Bg3 Re3 28. Bxe5 Rxe4 29. Bc3 Rxe2 30. Rhg1 Kh7 31. h4 e5 32. h5 Re6 33. Rgf1
Kg8 34. hxg6 Rxg6 35. Kb1 Re3 36. Bb2 Re4 37. Rf5 Rf4 38. Rh5 Rxc4 39. Bxe5
Rb4+ 40. Ka1 Rb5 41. Rh8+ Kf7 42. Rh7+ Ke8 43. Rh8+ Kf7 44. Rh7+ Ke8 45. Bf4
Rg8 46. Rc1 c5 47. Re1+ Kd8 48. Bd2 Kc8 49. Ree7 Rd8 50. Re6 c4 51. a4 Rb3
1/2-1/2

[Event "XXII Festival A"]
[Site "Arco ITA"]
[Date "2000.10.24"]
[Round "4"]
[White "Rotstein, Arkadij"]
[Black "Slobodjan, Roman"]
[Result "0-1"]
[WhiteElo "2492"]
[BlackElo "2541"]
[PlyCount "104"]
[EventDate "2000.10.21"]

1. c4 g6 2. d4 Bg7 3. e4 d6 4. Nc3 Nd7 5. Nf3 e5 6. Bd3 Ngf6 7. O-O O-O 8. Re1
exd4 9. Nxd4 Re8 10. Bf1 Nc5 11. f3 c6 12. Kh1 Nh5 13. g4 Nf6 14. Be3 Nfd7 15.
b4 Ne6 16. Nxe6 Rxe6 17. Rc1 Qh4 18. Ne2 Be5 19. Nf4 h5 20. Qd2 Rf6 21. Nd3
Rxf3 22. Nxe5 Nxe5 23. Bg2 Rxe3 24. Qxe3 Nxg4 25. Qg3 Nf2+ 26. Kg1 Qxg3 27.
hxg3 Nd3 28. c5 dxc5 29. bxc5 Be6 30. a3 Kf8 31. Kf1 Nxc1 32. Rxc1 Rd8 33. Rb1
Rd7 34. Ke2 Ke7 35. Ke3 Kf6 36. Bf1 Ke5 37. Be2 a5 38. Rb2 f5 39. exf5 Bxf5 40.
Bf3 Rd3+ 41. Kf2 Kd4 42. Rxb7 Kxc5 43. Rc7 Rd6 44. Rf7 Bc2 45. Re7 Kc4 46. Ra7
a4 47. Ra5 c5 48. Be2+ Kd4 49. Bb5 c4 50. Bxa4 Bxa4 51. Rxa4 Kd3 52. Ra8 c3 0-1

[Event "XXII Festival A"]
[Site "Arco ITA"]
[Date "2000.10.24"]
[Round "4"]
[White "Scharrer, Patrick"]
[Black "Lettich, Sergio"]
[Result "1-0"]
[WhiteElo "1825"]
[BlackElo "2078"]
[PlyCount "115"]
[EventDate "2000.10.21"]

1. e4 c5 2. Nf3 d6 3. d4 cxd4 4. Nxd4 Nf6 5. Nc3 a6 6. f3 e6 7. Be3 Qc7 8. Qd2
Be7 9. O-O-O Nc6 10. g4 b5 11. g5 Nd7 12. h4 b4 13. Nce2 Nde5 14. Ng1 Bb7 15.
Be2 Rc8 16. Nxc6 Qxc6 17. Kb1 Nc4 18. Bxc4 Qxc4 19. Ne2 a5 20. Nd4 d5 21. e5 a4
22. h5 b3 23. cxb3 axb3 24. a3 Kd7 25. Qd3 Ba6 26. Qxb3 Qxb3 27. Nxb3 Be2 28.
Rd2 Bxf3 29. Rhh2 Rc4 30. Rd4 Be4+ 31. Ka2 Rhc8 32. Rhd2 Ke8 33. Rf2 Rc2 34.
Rxc2 Rxc2 35. Ra4 Rc8 36. Ra5 f6 37. exf6 gxf6 38. gxf6 Bxf6 39. Nd4 e5 40. Nb5
Ke7 41. Ra7+ Ke6 42. Ra6+ Ke7 43. Nd6 Rc2 44. Nxe4 dxe4 45. Rb6 Bh4 46. a4 Bf2
47. Rb3 Re2 48. Bxf2 Rxf2 49. a5 Kd6 50. a6 Rf8 51. Kb1 Ra8 52. Ra3 Kd5 53. Kc2
Kd4 54. Kd2 Ra7 55. Ra4+ Kd5 56. Ke3 h6 57. Ra3 Ke6 58. Kxe4 1-0

[Event "XXII Festival A"]
[Site "Arco ITA"]
[Date "2000.10.24"]
[Round "4"]
[White "Sprea, Giuseppe"]
[Black "Diotallevi, Maurizio"]
[Result "1/2-1/2"]
[WhiteElo "1930"]
[BlackElo "2090"]
[PlyCount "72"]
[EventDate "2000.10.21"]

1. d4 d5 2. c4 e6 3. Nc3 c6 4. cxd5 exd5 5. Nf3 Bf5 6. Bf4 Bd6 7. Bxd6 Qxd6 8.
e3 Nd7 9. Bd3 Bxd3 10. Qxd3 Ngf6 11. O-O O-O 12. b4 a6 13. Rab1 Rfe8 14. Rfc1
b5 15. Rc2 Nb6 16. a3 Nc4 17. Ra2 Ra7 18. Rba1 Rea8 19. Qb1 Qe7 20. Kf1 g6 21.
a4 Kg7 22. axb5 axb5 23. Rxa7 Rxa7 24. Rxa7 Qxa7 25. Qa2 Qe7 26. Qb3 Ne4 27.
Ke2 Nxc3+ 28. Qxc3 f6 29. Nd2 Qa7 30. Qb3 Qa1 31. Nb1 h5 32. g3 Kh6 33. h3 Qa8
34. h4 Qc8 35. Nd2 Qg4+ 36. Ke1 Qe6 1/2-1/2

[Event "XXII Festival A"]
[Site "Arco ITA"]
[Date "2000.10.24"]
[Round "4"]
[White "Tocco, Paolo"]
[Black "Bondielli, Giorgio"]
[Result "1/2-1/2"]
[WhiteElo "2139"]
[BlackElo "1813"]
[PlyCount "144"]
[EventDate "2000.10.21"]

1. e4 e5 2. Bc4 Nf6 3. Qe2 c6 4. Nf3 d6 5. Ng5 d5 6. exd5 cxd5 7. Qxe5+ Be7 8.
Bb5+ Bd7 9. Nc3 O-O 10. Be2 Nc6 11. Qg3 Nd4 12. Qd3 Nxe2 13. Nxe2 Qb6 14. O-O
Bb5 15. Qf3 Nd7 16. d3 Qa6 17. Nh3 Rac8 18. Nhf4 Qd6 19. Nd4 Bc6 20. c3 Ne5 21.
Qg3 Bd7 22. Re1 Rfe8 23. Bd2 g6 24. Nf3 Nxf3+ 25. Qxf3 Bc6 26. d4 Bf8 27. Nd3
Bg7 28. Bf4 Qd8 29. Be5 f6 30. Bg3 Qd7 31. Rxe8+ Rxe8 32. Re1 Rxe1+ 33. Nxe1
Qe6 34. Qe3 Kf7 35. Qxe6+ Kxe6 36. Nd3 Bh6 37. f3 b6 38. Bf4 Bb5 39. Bxh6 Bxd3
40. Bf4 b5 41. Kf2 Bb1 42. a4 bxa4 43. Ke3 Ba2 44. Bc7 a6 45. h4 Bc4 46. Kf4
Bd3 47. g4 h6 48. h5 f5 49. hxg6 fxg4 50. g7 Kf7 51. Be5 gxf3 52. Kxf3 h5 53.
Kg3 Be2 54. Kh4 Kg8 55. Kg5 Kh7 56. Kf6 Kg8 57. Ke6 Bc4 58. Kd6 h4 59. Kc5 h3
60. Kb4 Bb5 61. c4 Bxc4 62. Kxa4 Bb5+ 63. Kb4 Kf7 64. b3 Kg8 65. Kc5 h2 66.
Bxh2 Kxg7 67. Kxd5 Kf7 68. Kd6 Ke8 69. Kc7 Bd7 70. d5 Bb5 71. Bf4 Bd7 72. Bg5
Bb5 1/2-1/2

[Event "XXII Festival A"]
[Site "Arco ITA"]
[Date "2000.10.25"]
[Round "5"]
[White "Bondielli, Giorgio"]
[Black "Haldemann, Paul"]
[Result "0-1"]
[WhiteElo "1813"]
[BlackElo "2231"]
[PlyCount "66"]
[EventDate "2000.10.21"]

1. e4 c5 2. d4 cxd4 3. c3 dxc3 4. Nxc3 Nc6 5. Nf3 e6 6. Bc4 a6 7. O-O Nge7 8.
Bg5 f6 9. Bh4 b5 10. Bb3 Ng6 11. Bg3 Be7 12. Qe2 Na5 13. Bc2 O-O 14. Rfd1 Qb6
15. h4 d6 16. Rac1 Kh8 17. Nd4 Bd7 18. Kh1 Rac8 19. f4 b4 20. Nb1 Rfd8 21. Qh5
Nc4 22. f5 exf5 23. exf5 Nge5 24. Ne6 Rg8 25. Re1 Nxb2 26. Bxe5 dxe5 27. Re4
Nd3 28. Qf7 Bxe6 29. fxe6 Nf2+ 30. Kh2 Nxe4 31. Bxe4 Qf2 32. Rxc8 Qxh4+ 33. Kg1
Rxc8 0-1

[Event "XXII Festival A"]
[Site "Arco ITA"]
[Date "2000.10.25"]
[Round "5"]
[White "Cocchi, Andrea"]
[Black "Rotstein, Arkadij"]
[Result "0-1"]
[WhiteElo "2254"]
[BlackElo "2492"]
[PlyCount "74"]
[EventDate "2000.10.21"]

1. Nf3 d6 2. c4 g6 3. Nc3 Bg7 4. g3 e5 5. Bg2 f5 6. d3 Nf6 7. O-O O-O 8. Rb1 h6
9. b4 g5 10. c5 Qe7 11. cxd6 cxd6 12. Bb2 Be6 13. a4 Nbd7 14. a5 Rac8 15. Rc1
a6 16. Qa4 d5 17. Ba3 Qf7 18. b5 Rfe8 19. Nb1 d4 20. bxa6 bxa6 21. Nfd2 Bd5 22.
Bxd5 Qxd5 23. Rc4 Rb8 24. Rc6 Qb5 25. Qxb5 axb5 26. Bd6 Ra8 27. Nb3 Nd5 28.
Rfc1 e4 29. dxe4 fxe4 30. Kf1 b4 31. N1d2 e3 32. Nf3 d3 33. exd3 e2+ 34. Ke1
Bc3+ 35. Nfd2 Re6 36. a6 Ne5 37. Nd4 Nxd3# 0-1

[Event "XXII Festival A"]
[Site "Arco ITA"]
[Date "2000.10.25"]
[Round "5"]
[White "Dalponte, Dino"]
[Black "Sprea, Giuseppe"]
[Result "1-0"]
[WhiteElo "2142"]
[BlackElo "1930"]
[PlyCount "55"]
[EventDate "2000.10.21"]

1. d4 d5 2. c3 Nf6 3. Bf4 Bf5 4. Qb3 Qc8 5. e3 Nbd7 6. Bg3 e6 7. Nd2 Be7 8.
Ngf3 O-O 9. Nh4 Re8 10. Nxf5 exf5 11. Bd3 Ne4 12. Qxd5 Ndf6 13. Qb3 Nxd2 14.
Kxd2 Qd7 15. Rad1 c6 16. Rhe1 b5 17. a3 a5 18. Ke2 Nd5 19. Kf1 Bg5 20. e4 Nxc3
21. bxc3 f4 22. h4 Qg4 23. Be2 Qd7 24. hxg5 fxg3 25. Bf3 Qe7 26. fxg3 Qxg5 27.
Kf2 Re6 28. Rh1 1-0

[Event "XXII Festival A"]
[Site "Arco ITA"]
[Date "2000.10.25"]
[Round "5"]
[White "Di Lazzaro, Gabriele"]
[Black "Mietzner, Tina"]
[Result "1/2-1/2"]
[WhiteElo "1959"]
[BlackElo "2134"]
[PlyCount "53"]
[EventDate "2000.10.21"]

1. e4 c5 2. c3 d5 3. exd5 Qxd5 4. d4 Nf6 5. Nf3 Bg4 6. Be2 cxd4 7. cxd4 e6 8.
O-O Be7 9. Nc3 Qd6 10. Qa4+ Nbd7 11. d5 exd5 12. Nb5 Qb6 13. Be3 Bc5 14. Bxc5
Nxc5 15. Nc7+ Kd8 16. Nxa8 Nxa4 17. Nxb6 axb6 18. Nd4 Bxe2 19. Nxe2 Nxb2 20.
Nd4 Kd7 21. Rfc1 Ra8 22. Rc2 Nc4 23. f3 g6 24. a4 Ne8 25. Nb5 Ned6 26. Nxd6
Kxd6 27. Rca2 1/2-1/2

[Event "XXII Festival A"]
[Site "Arco ITA"]
[Date "2000.10.25"]
[Round "5"]
[White "Dittmar, Peter"]
[Black "Trauth, Michael"]
[Result "1-0"]
[WhiteElo "2364"]
[BlackElo "2221"]
[PlyCount "67"]
[EventDate "2000.10.21"]

1. c4 c5 2. b3 Nf6 3. Bb2 e6 4. Nf3 b6 5. g3 Bb7 6. Bg2 d6 7. O-O Nbd7 8. Nc3
Be7 9. Re1 O-O 10. e4 Qc7 11. d4 cxd4 12. Nxd4 a6 13. Qe2 Rfe8 14. Rac1 Rac8
15. h3 Qb8 16. Kh2 Bf8 17. Qd2 Qa8 18. Re2 Nc5 19. Rce1 a5 20. Ndb5 Red8 21.
Qe3 d5 22. e5 Nfe4 23. cxd5 exd5 24. Nd4 Nxc3 25. Bxc3 Ne4 26. Bb2 Re8 27. Rc1
Rxc1 28. Qxc1 Ba6 29. Rc2 Rxe5 30. Nb5 Re7 31. Nc7 Qb7 32. Ba3 Rxc7 33. Rxc7
Bxa3 34. Rxb7 1-0

[Event "XXII Festival A"]
[Site "Arco ITA"]
[Date "2000.10.25"]
[Round "5"]
[White "Djuric, Stefan"]
[Black "Krivoshey, Sergei"]
[Result "0-1"]
[WhiteElo "2461"]
[BlackElo "2473"]
[PlyCount "46"]
[EventDate "2000.10.21"]

1. e4 d5 2. exd5 Nf6 3. Be2 Nxd5 4. d4 Bf5 5. Nf3 e6 6. c3 Be7 7. O-O O-O 8.
Re1 c5 9. dxc5 Bxc5 10. Nd4 Bg6 11. Bf3 Nc6 12. Nxc6 bxc6 13. Na3 Qf6 14. Bd2
Rad8 15. Qc1 h6 16. Nc2 e5 17. Ne3 Nf4 18. Ng4 Nh3+ 19. Kf1 Bd3+ 20. Be2 Qh4
21. Bxd3 Nxf2 22. Nxh6+ gxh6 23. Bf5 Nd3 0-1

[Event "XXII Festival A"]
[Site "Arco ITA"]
[Date "2000.10.25"]
[Round "5"]
[White "Doppelhammer, Herbert"]
[Black "Casagrande, Fabio"]
[Result "1/2-1/2"]
[WhiteElo "2119"]
[BlackElo "1911"]
[PlyCount "67"]
[EventDate "2000.10.21"]

1. d4 Nf6 2. Nf3 e6 3. e3 b6 4. Bd3 Bb7 5. O-O Be7 6. c4 Ne4 7. Nfd2 Nxd2 8.
Nxd2 O-O 9. e4 f5 10. Qc2 Nc6 11. Qc3 Bb4 12. Qb3 Bxd2 13. Bxd2 Nxd4 14. Qc3 c5
15. exf5 Nxf5 16. Rae1 Qf6 17. Bxf5 Qxf5 18. Re5 Qf6 19. Qg3 d6 20. Rg5 Rf7 21.
Bc3 e5 22. Re1 Raf8 23. f3 Qf4 24. Qxf4 Rxf4 25. Rd1 R8f6 26. h3 Bc6 27. Rg4
Rxg4 28. hxg4 Kf7 29. b3 b5 30. cxb5 Bxb5 31. b4 c4 32. Rd5 a6 33. f4 Ke6 34.
Rxd6+ 1/2-1/2

[Event "XXII Festival A"]
[Site "Arco ITA"]
[Date "2000.10.25"]
[Round "5"]
[White "Drei, Andrea"]
[Black "Konopka, Michal"]
[Result "0-1"]
[WhiteElo "2350"]
[BlackElo "2476"]
[PlyCount "122"]
[EventDate "2000.10.21"]

1. e4 d6 2. d4 Nf6 3. Nc3 g6 4. Be3 c6 5. a4 Bg7 6. h3 Nbd7 7. Nf3 O-O 8. a5 e5
9. dxe5 dxe5 10. Qd6 Re8 11. Bc4 Qe7 12. Qxe7 Rxe7 13. O-O h6 14. Rfd1 Bf8 15.
b4 Re8 16. Rab1 Kg7 17. Nd2 Be7 18. Na4 Bd8 19. Bd3 b5 20. axb6 axb6 21. Ra1
Bc7 22. b5 c5 23. Nc3 Bb7 24. Bc4 Rxa1 25. Rxa1 Ra8 26. Rxa8 Bxa8 27. g4 Bb7
28. f3 Nf8 29. h4 Bd8 30. Kg2 Ne8 31. Bd5 Bxd5 32. exd5 Bxh4 33. Nc4 Nd7 34. g5
Bxg5 35. Bxg5 hxg5 36. Na4 Nc7 37. Ncxb6 Nxb6 38. Nxb6 Nxb5 39. Nd7 c4 40. Nxe5
Nd6 41. Kf2 f6 42. Nd7 Kf7 43. Ke3 Ke7 44. Nb6 f5 45. Kd4 g4 46. fxg4 fxg4 47.
Na4 g3 48. Ke3 Ne4 49. Kf3 Kd6 50. c3 g5 51. Nb2 Kxd5 52. Nd1 Kc5 53. Kg2 Kb5
54. Kf3 g4+ 55. Kg2 Ka4 56. Ne3 Kb3 57. Nxg4 Kxc3 58. Kf3 Kd4 59. Ne3 Kd3 60.
Ng2 c3 61. Nf4+ Kd2 0-1

[Event "XXII Festival A"]
[Site "Arco ITA"]
[Date "2000.10.25"]
[Round "5"]
[White "Genocchio, Daniele"]
[Black "Piankov, Evgenij"]
[Result "1/2-1/2"]
[WhiteElo "2201"]
[BlackElo "2365"]
[PlyCount "57"]
[EventDate "2000.10.21"]

1. c4 e6 2. e4 c5 3. Nf3 d6 4. d4 cxd4 5. Nxd4 Nf6 6. Nc3 Nc6 7. Nc2 Be7 8. Be2
O-O 9. O-O b6 10. Be3 Bb7 11. f3 Qd7 12. Qd2 Rfd8 13. Rfd1 Rac8 14. b3 Ba8 15.
Rac1 Qb7 16. f4 a6 17. Qe1 b5 18. cxb5 axb5 19. Bf3 e5 20. Nd5 exf4 21. Bxf4
Ne5 22. Bxe5 dxe5 23. Nce3 Nxd5 24. Nxd5 Bg5 25. Rxc8 Rxc8 26. Qg3 Qa7+ 27. Kh1
h6 28. Qxe5 Qxa2 29. Bh5 1/2-1/2

[Event "XXII Festival A"]
[Site "Arco ITA"]
[Date "2000.10.25"]
[Round "5"]
[White "Inkiov, Ventzislav V."]
[Black "Dickhoff, Ronald"]
[Result "1-0"]
[WhiteElo "2419"]
[BlackElo "2273"]
[PlyCount "89"]
[EventDate "2000.10.21"]

1. d4 Nf6 2. c4 e6 3. Nf3 b6 4. g3 Bb7 5. Bg2 Be7 6. O-O O-O 7. Nc3 Ne4 8. Bd2
Bf6 9. Rc1 d6 10. d5 Nxc3 11. Bxc3 Bxc3 12. Rxc3 e5 13. Nd2 a5 14. f4 Nd7 15.
Ne4 Qe7 16. f5 f6 17. g4 Nc5 18. h4 Nxe4 19. Bxe4 Bc8 20. Rg3 Bd7 21. g5 Kh8
22. Rf2 Rg8 23. Rfg2 Raf8 24. Qd3 Qe8 25. Qf3 Qc8 26. Rf2 Qd8 27. Bd3 e4 28.
Qxe4 Re8 29. Qf3 Qe7 30. Rgg2 Qe5 31. e4 Qd4 32. Kh1 Qe5 33. Qh5 Ref8 34. Qg4
Qe8 35. Qf4 Qe7 36. b3 Qd8 37. a3 Qe7 38. Kh2 Re8 39. b4 axb4 40. axb4 Ref8 41.
c5 bxc5 42. bxc5 dxc5 43. Qxc7 Rc8 44. gxf6 Rxc7 45. fxe7 1-0

[Event "XXII Festival A"]
[Site "Arco ITA"]
[Date "2000.10.25"]
[Round "5"]
[White "Jens, Jelmer"]
[Black "Obran, Harald"]
[Result "1/2-1/2"]
[WhiteElo "2280"]
[BlackElo "2127"]
[PlyCount "87"]
[EventDate "2000.10.21"]

1. e4 c6 2. d4 d5 3. exd5 cxd5 4. c4 Nf6 5. Nc3 Nc6 6. Bg5 Qa5 7. Bxf6 exf6 8.
cxd5 Bb4 9. Qd2 Ne7 10. Bc4 O-O 11. Nge2 Rd8 12. a3 Bf5 13. O-O Qc7 14. Ba2 Bd6
15. h4 a6 16. Rac1 Qd7 17. Ng3 Ng6 18. f4 Re8 19. Rcd1 Nxh4 20. Nxf5 Nxf5 21.
Rf3 Rac8 22. Kh1 h5 23. Bb1 Re7 24. Ne4 Rce8 25. Nc3 g6 26. Qf2 Ne3 27. Rc1 Kg7
28. Kg1 Bb8 29. Be4 Nc4 30. Bd3 Nd6 31. Rc2 Ba7 32. Kh2 Nf5 33. Bxf5 Qxf5 34.
d6 Rd7 35. Re2 Rxe2 36. Qxe2 Rxd6 37. d5 Bd4 38. Qd3 Bxc3 39. Qxf5 gxf5 40.
Rxc3 Rxd5 41. Kg3 Rd4 42. Rb3 b5 43. Rb4 Rd2 44. a4 1/2-1/2

[Event "XXII Festival A"]
[Site "Arco ITA"]
[Date "2000.10.25"]
[Round "5"]
[White "Kleibaumhueter, Klaus"]
[Black "Barucco, Mattia"]
[Result "1-0"]
[WhiteElo "2187"]
[BlackElo "1912"]
[PlyCount "109"]
[EventDate "2000.10.21"]

1. Nf3 Nf6 2. c4 g6 3. Nc3 Bg7 4. g3 O-O 5. Bg2 d6 6. O-O e5 7. b4 Nh5 8. Rb1
f5 9. b5 f4 10. d4 fxg3 11. hxg3 Bf5 12. Rb3 Nd7 13. Bg5 Nhf6 14. dxe5 dxe5 15.
Nh4 Nc5 16. Qxd8 Raxd8 17. Nxf5 gxf5 18. Rbb1 Rd4 19. Bxf6 Bxf6 20. Bd5+ Kg7
21. Rfd1 Rxd1+ 22. Nxd1 Bg5 23. a4 Rf6 24. a5 c6 25. bxc6 bxc6 26. Bg2 Bd2 27.
Rb8 Bxa5 28. Rc8 e4 29. Ne3 Bb6 30. Bh3 f4 31. Nf5+ Kg6 32. Rg8+ Kf7 33. Rg7+
Kf8 34. Rxh7 fxg3 35. Nxg3 a5 36. Bf5 a4 37. Rh8+ Ke7 38. Ra8 Rf8 39. Rxf8 Kxf8
40. Nxe4 Nxe4 41. Bxe4 c5 42. Kf1 Ba5 43. e3 Ke7 44. Ke2 Ke6 45. Bb1 a3 46. f4
Bc3 47. e4 Kd6 48. Kd3 Bd4 49. e5+ Ke6 50. Ke4 Ke7 51. f5 Kd7 52. Kd5 Bf2 53.
f6 Bd4 54. e6+ Ke8 55. Bg6+ 1-0

[Event "XXII Festival A"]
[Site "Arco ITA"]
[Date "2000.10.25"]
[Round "5"]
[White "Luciani, Carlo"]
[Black "Coratella, Giuseppe"]
[Result "0-1"]
[WhiteElo "2225"]
[BlackElo "2077"]
[PlyCount "70"]
[EventDate "2000.10.21"]

1. e4 e6 2. d4 d5 3. Nd2 Nf6 4. e5 Nfd7 5. c3 c5 6. Bd3 Nc6 7. Ne2 cxd4 8. cxd4
f6 9. exf6 Nxf6 10. Nf3 Bd6 11. O-O Qc7 12. Bg5 O-O 13. Bh4 Nh5 14. Qc2 h6 15.
Bh7+ Kh8 16. Bg6 Rxf3 17. gxf3 Bxh2+ 18. Kg2 Nf4+ 19. Nxf4 Qxf4 20. Bg3 Bxg3
21. fxg3 Qxd4 22. Qb3 Qf6 23. Bd3 Nd4 24. Qa4 b5 25. Qa5 e5 26. Rac1 Bf5 27.
Qd2 Qg6 28. Bxf5 Nxf5 29. g4 d4 30. Rh1 Ne3+ 31. Kg1 Rf8 32. Qe2 e4 33. fxe4 d3
34. Qxe3 Qxg4+ 35. Kh2 Rf3 0-1

[Event "XXII Festival A"]
[Site "Arco ITA"]
[Date "2000.10.25"]
[Round "5"]
[White "Pegoraro, Nicola"]
[Black "Carli, Carlo"]
[Result "0-1"]
[WhiteElo "2062"]
[BlackElo "2117"]
[PlyCount "72"]
[EventDate "2000.10.21"]

1. e4 e5 2. Nf3 d6 3. d4 exd4 4. Nxd4 g6 5. Nc3 Bg7 6. Be3 Nc6 7. Qd2 Nf6 8.
O-O-O O-O 9. f3 Ne5 10. h4 a6 11. Be2 b5 12. Bh6 Bxh6 13. Qxh6 c5 14. Nb3 b4
15. Nd5 Nxd5 16. exd5 a5 17. h5 Ra7 18. Nd2 a4 19. Ne4 Bf5 20. Ng5 f6 21. Ne6
Bxe6 22. dxe6 g5 23. g3 a3 24. b3 c4 25. bxc4 b3 26. cxb3 Qa5 27. Kc2 Nc6 28.
Bd3 Nb4+ 29. Kb1 Nxd3 30. Rxd3 Qf5 31. Rhd1 Re7 32. g4 Qxe6 33. Rxd6 Qe5 34.
R1d2 Qe1+ 35. Rd1 Qc3 36. R6d2 Rd7 0-1

[Event "XXII Festival A"]
[Site "Arco ITA"]
[Date "2000.10.25"]
[Round "5"]
[White "Pienabarca, Nicola"]
[Black "Crippa, Gabriele"]
[Result "0-1"]
[WhiteElo "2030"]
[BlackElo "2136"]
[PlyCount "66"]
[EventDate "2000.10.21"]

1. d4 Nf6 2. c4 c5 3. d5 b5 4. cxb5 a6 5. bxa6 Bxa6 6. Nc3 d6 7. e4 Bxf1 8.
Kxf1 g6 9. g3 Bg7 10. Kg2 O-O 11. Nf3 Nbd7 12. h3 Nb6 13. Re1 Ra6 14. Qe2 Qa8
15. Bf4 Na4 16. Nb5 Rb6 17. b3 Nh5 18. Rac1 Nb2 19. a4 Nxf4+ 20. gxf4 c4 21.
bxc4 Qxa4 22. Nfd4 Bxd4 23. Nxd4 Qd7 24. Nc6 Rb3 25. Rh1 Nd3 26. Qg4 f5 27.
exf5 Rxf5 28. Rb1 Nxf4+ 29. Qxf4 Rxf4 30. Rxb3 Rxc4 31. Rb8+ Kg7 32. Rd8 Qf5
33. Rd1 Rc2 0-1

[Event "XXII Festival A"]
[Site "Arco ITA"]
[Date "2000.10.25"]
[Round "5"]
[White "Roos, Michael"]
[Black "Lazarev, Vladimir"]
[Result "1-0"]
[WhiteElo "2244"]
[BlackElo "2501"]
[PlyCount "49"]
[EventDate "2000.10.21"]

1. d4 Nf6 2. c4 c5 3. d5 b5 4. cxb5 a6 5. b6 e6 6. Nc3 Nxd5 7. Nxd5 exd5 8.
Qxd5 Nc6 9. Bd2 Be7 10. Bc3 O-O 11. Nf3 Rb8 12. e4 Rxb6 13. Bc4 Nb4 14. Qd2 Bb7
15. O-O-O d6 16. Qf4 a5 17. Kb1 Qa8 18. Rhe1 Ba6 19. Qg4 g6 20. Nd2 Nd3 21.
Bxd3 Bxd3+ 22. Ka1 a4 23. Re3 f5 24. exf5 Bxf5 25. Rxe7 1-0

[Event "XXII Festival A"]
[Site "Arco ITA"]
[Date "2000.10.25"]
[Round "5"]
[White "Schaefer, Michael"]
[Black "Molzahn, Norbert"]
[Result "1-0"]
[WhiteElo "2221"]
[BlackElo "2064"]
[PlyCount "61"]
[EventDate "2000.10.21"]

1. d4 c5 2. d5 e5 3. e4 d6 4. Nc3 Be7 5. Nf3 Bg4 6. h3 Bxf3 7. Qxf3 Bg5 8. Bxg5
Qxg5 9. Nb5 Qd8 10. Qg4 Nf6 11. Qxg7 Rg8 12. Qh6 Nxe4 13. Qxh7 Nf6 14. Qh4 a6
15. Nc7+ Qxc7 16. Qxf6 Nd7 17. Qf3 Qa5+ 18. c3 O-O-O 19. Bd3 Kb8 20. O-O Rg7
21. Rfb1 Rdg8 22. g3 Qd8 23. Bf1 Qh4 24. Bg2 e4 25. Qxe4 Qh5 26. b4 Ne5 27.
bxc5 f5 28. Qf4 Nd3 29. Qxd6+ Ka8 30. c6 Qe2 31. cxb7+ 1-0

[Event "XXII Festival A"]
[Site "Arco ITA"]
[Date "2000.10.25"]
[Round "5"]
[White "Schiappacasse, Marcello"]
[Black "Diotallevi, Maurizio"]
[Result "0-1"]
[WhiteElo "2021"]
[BlackElo "2090"]
[PlyCount "78"]
[EventDate "2000.10.21"]

1. Nf3 e6 2. d4 d5 3. c4 c6 4. e3 Bd6 5. Nc3 f5 6. cxd5 exd5 7. g3 Qe7 8. Bg2
Nf6 9. O-O O-O 10. b3 Bd7 11. Bb2 Be8 12. Qc2 Ng4 13. Rae1 Nd7 14. Ne2 g6 15.
Nf4 Bf7 16. Nd3 Rfc8 17. h3 Ngf6 18. Nfe5 Ne4 19. Nxd7 Qxd7 20. Nc5 Qe7 21.
Nxe4 fxe4 22. Qe2 Bb4 23. Rc1 Be6 24. f3 Bf5 25. f4 Rf8 26. g4 Bd7 27. Qf2 a5
28. Bc3 Bd6 29. Be1 a4 30. Qc2 axb3 31. Qxb3 b5 32. Bf2 Ra3 33. Qb1 Rfa8 34.
Rc2 Qd8 35. Re1 R8a4 36. Ree2 Qa8 37. Bf1 Ra6 38. Rb2 Kf7 39. Kg2 Qf8 0-1

[Event "XXII Festival A"]
[Site "Arco ITA"]
[Date "2000.10.25"]
[Round "5"]
[White "Schlichthaar, Robert"]
[Black "Sturma, Mauro"]
[Result "1-0"]
[WhiteElo "2198"]
[BlackElo "1987"]
[PlyCount "49"]
[EventDate "2000.10.21"]

1. e4 d6 2. d4 Nf6 3. Nc3 g6 4. Be3 Bg7 5. Qd2 Ng4 6. Bf4 h5 7. h3 Nf6 8. Nf3
c6 9. Bd3 Qa5 10. O-O Nfd7 11. Rad1 e5 12. dxe5 dxe5 13. Be3 O-O 14. Bc4 b5 15.
Bb3 b4 16. Ne2 Nc5 17. Qd6 Nxb3 18. axb3 Ba6 19. Rfe1 Bxe2 20. Rxe2 Qb5 21.
Red2 a5 22. Bg5 Na6 23. Bf6 Rfe8 24. Ng5 Bf8 25. Qd7 1-0

[Event "XXII Festival A"]
[Site "Arco ITA"]
[Date "2000.10.25"]
[Round "5"]
[White "Slobodjan, Roman"]
[Black "Bagaturov, Giorgi"]
[Result "0-1"]
[WhiteElo "2541"]
[BlackElo "2502"]
[PlyCount "152"]
[EventDate "2000.10.21"]

1. e4 c5 2. Nf3 e6 3. c3 Nf6 4. e5 Nd5 5. Bc4 d6 6. exd6 Bxd6 7. O-O O-O 8. d4
cxd4 9. cxd4 Nc6 10. Re1 Bb4 11. Rf1 b6 12. a3 Be7 13. Nc3 Nxc3 14. bxc3 Bb7
15. Bd3 Bf6 16. Qc2 g6 17. Bh6 Re8 18. Rfe1 Rc8 19. Be4 Qc7 20. Rad1 Na5 21.
Bxb7 Nxb7 22. Rd3 Na5 23. Ne5 Nc4 24. Bf4 Nxe5 25. Bxe5 Bxe5 26. Rxe5 Red8 27.
h4 Rxd4 28. Rxd4 Qxe5 29. Qd2 Qc5 30. Rd7 Rc7 31. Rd8+ Kg7 32. h5 g5 33. c4 Qe5
34. Rd4 h6 35. g3 Rc5 36. Qd1 Ra5 37. Rd3 Rc5 38. Rd4 b5 39. cxb5 Rxb5 40. Ra4
Rd5 41. Qf1 Rd2 42. Rc4 Ra2 43. Rc1 Rxa3 44. Re1 Qd4 45. Kg2 Rd3 46. Qe2 Rd2
47. Qf3 Qd5 48. Rb1 a5 49. Rb7 Qxf3+ 50. Kxf3 Rd4 51. g4 Rf4+ 52. Kg3 a4 53.
Ra7 Kf6 54. Ra8 Rb4 55. f3 e5 56. Ra6+ Kg7 57. Ra5 e4 58. fxe4 Rxe4 59. Kf3
Rf4+ 60. Kg3 Rb4 61. Ra6 Rb3+ 62. Kg2 a3 63. Kf2 Rb2+ 64. Kf3 a2 65. Kg3 Kf8
66. Ra7 Ke8 67. Kf3 Kd8 68. Ke3 Kc8 69. Ke4 Kb8 70. Ra3 Kc7 71. Kd5 Kb6 72. Kd6
Re2 73. Ra8 Kb5 74. Kd5 Kb4 75. Kd4 Kb3 76. Kd3 Rg2 0-1

[Event "XXII Festival A"]
[Site "Arco ITA"]
[Date "2000.10.25"]
[Round "5"]
[White "Tukmakov, Vladimir B."]
[Black "Drasko, Milan"]
[Result "1-0"]
[WhiteElo "2582"]
[BlackElo "2495"]
[PlyCount "57"]
[EventDate "2000.10.21"]

1. d4 d5 2. Nf3 e6 3. g3 g6 4. Bg2 Bg7 5. Bf4 c5 6. c3 cxd4 7. cxd4 Qb6 8. Nc3
Qxb2 9. O-O Nc6 10. Qd3 Qa3 11. Nxd5 Qxd3 12. Nc7+ Kd8 13. exd3 Rb8 14. Nb5 Ra8
15. Rac1 Bh6 16. Ne5 Nxe5 17. dxe5 Bxf4 18. gxf4 Ne7 19. Nd6 Kd7 20. Rc4 f6 21.
Rfc1 fxe5 22. fxe5 Rf8 23. Rc7+ Kd8 24. Bxb7 Bxb7 25. Rxb7 Nd5 26. Rc6 Rf3 27.
Nf7+ Ke8 28. Ng5 Rxd3 29. Rxe6+ 1-0

[Event "XXII Festival A"]
[Site "Arco ITA"]
[Date "2000.10.25"]
[Round "5"]
[White "Valenti, Giuseppe"]
[Black "Scharrer, Patrick"]
[Result "1-0"]
[WhiteElo "2190"]
[BlackElo "1825"]
[PlyCount "25"]
[EventDate "2000.10.21"]

1. e4 c5 2. Nf3 Nc6 3. d4 cxd4 4. Nxd4 g6 5. Nc3 Bg7 6. Be3 Nf6 7. Bc4 O-O 8.
Bb3 Na5 9. e5 Ne8 10. Bxf7+ Kxf7 11. Ne6 Kxe6 12. Qd5+ Kf5 13. g4+ 1-0